=LDR 00000nam 2200000 4500 =001 INLIS000000000034606 =005 20130612140515 =008 ***********************************ind** =035 ##$$0010-061300000034606 =041 ##$$a ind =082 ##$$a 028.5 =090 ##$$a 028.5, Lan,l =100 ##$$a Landonlf, Diane Wrigt =245 ##$$a Barbei Thambelina, Diane Wrigt Londolf; Alih Bahasa, Ramayanti =260 ##$$a 2009 $b Jakarta =300 ##$$a 29 hlm., Illus, 23 cm =650 ##$$a Bacaan Kanak-Kanak =700 ##$$a Ramayanti =850 ##$$a NBPNMAT